| 000 | 00880nam a2200253 a 4500 | ||
|---|---|---|---|
| 005 | 20210223124500.0 | ||
| 008 | 011023s2000 es r 000 0 spa d | ||
| 020 | _a8441510520 | ||
| 035 | _aUPN01000113348 | ||
| 049 | _aCG | ||
| 050 | 4 |
_aT385 _bR6.3 |
|
| 100 | 1 | _aRoame, Tony | |
| 245 | 1 | 0 |
_aFreeHand 9 / _cTony Roame ; tr. Angel Barrilero. |
| 260 |
_aMadrid : _bAnaya Multimedia _cc2000 |
||
| 300 |
_a319 p. : _bil. + _e1 CD-ROM : son., col. , 4 3/4 plg. |
||
| 440 | 0 | _aCurso oficial de Macromedia | |
| 500 | _a"Niveles: Medio y avanzado. Tipo de libro: Referencia/Aprendizaje. Temática: Diseño" | ||
| 500 | _a"Para Windows. Macromedia" | ||
| 534 |
_pTraducción de: _tMacromedia FreeHand 9 authorized. |
||
| 650 | 4 |
_aGRAFICOS POR COMPUTADORA _912519 |
|
| 650 | 4 |
_aFREEHAND (ARCHIVO PARA COMPUTADORA) _96062 |
|
| 650 | 4 |
_aSITIOS WEB - _xDISEÑO _97669 |
|
| 905 | _aLibro | ||
| 999 |
_c87256 _d87256 |
||